| 000 | 00717nam a2200217 a 4500 | ||
|---|---|---|---|
| 005 | 20220916063527.0 | ||
| 008 | 081126s2004 ea r 000 0 spa d | ||
| 020 | _a0439662060 | ||
| 035 | _aUPN01000124150 | ||
| 049 | _aI | ||
| 050 | 4 |
_aPZ7 _bA2.3 |
|
| 100 | 1 | _aAbbott, Robert Tony | |
| 245 | 1 | 3 |
_aLa escalera oculta y la alfombra mágica / _cTony Abbott ; tr. Iñigo Javaloyes. |
| 260 |
_aNew York : _bScholastic, _c2004. |
||
| 300 |
_a[91] p. : _bil. |
||
| 440 | 4 |
_aLos secretos de droon ; _v1 |
|
| 534 |
_pTraducción de: _tThe secrets of droon : the hidden stairs and the magic carpet |
||
| 650 | 7 |
_aLiteratura infantil estadounidense _2 _99173 |
|
| 650 | 0 |
_aAventuras y aventureros _94121 |
|
| 905 | _aInfantil | ||
| 999 |
_c96329 _d96329 |
||